| 000 -LEADER |
| fixed length control field |
01388cam a22003737i 4500 |
| 001 - CONTROL NUMBER |
| control field |
17476214 |
| 003 - CONTROL NUMBER IDENTIFIER |
| control field |
NUST |
| 005 - DATE AND TIME OF LATEST TRANSACTION |
| control field |
20170718153129.0 |
| 008 - FIXED-LENGTH DATA ELEMENTS--GENERAL INFORMATION |
| fixed length control field |
120925s2013 enka b 001 0 eng d |
| 010 ## - LIBRARY OF CONGRESS CONTROL NUMBER |
| LC control number |
2012950203 |
| 015 ## - NATIONAL BIBLIOGRAPHY NUMBER |
| National bibliography number |
GBB294360 |
| Source |
bnb |
| 016 7# - NATIONAL BIBLIOGRAPHIC AGENCY CONTROL NUMBER |
| Record control number |
016173079 |
| Source |
Uk |
| 020 ## - INTERNATIONAL STANDARD BOOK NUMBER |
| International Standard Book Number |
9781848213982 (hbk.) |
| 020 ## - INTERNATIONAL STANDARD BOOK NUMBER |
| International Standard Book Number |
1848213980 (hbk.) |
| 035 ## - SYSTEM CONTROL NUMBER |
| System control number |
(OCoLC)ocn825555978 |
| 040 ## - CATALOGING SOURCE |
| Original cataloging agency |
UKMGB |
| Language of cataloging |
eng |
| Transcribing agency |
UKMGB |
| Description conventions |
rda |
| Modifying agency |
OCLCO |
| -- |
YDXCP |
| -- |
U3G |
| -- |
NHM |
| -- |
OCLCF |
| -- |
DLC |
| 042 ## - AUTHENTICATION CODE |
| Authentication code |
lccopycat |
| 050 00 - LIBRARY OF CONGRESS CALL NUMBER |
| Classification number |
TA357.5.M43 |
| Item number |
L376 2013 |
| 082 04 - DEWEY DECIMAL CLASSIFICATION NUMBER |
| Classification number |
621 BOU |
| Edition number |
23 |
| 245 00 - TITLE STATEMENT |
| Title |
Laser metrology in fluid mechanics : |
| Remainder of title |
granulometry, temperature and concentration measurements / |
| Statement of responsibility, etc. |
Edited by Alain Boutier. |
| 260 ## - PUBLICATION, DISTRIBUTION, ETC. |
| Place of publication, distribution, etc. |
London : |
| Name of publisher, distributor, etc. |
ISTE ; |
| Place of publication, distribution, etc. |
Hoboken, NJ : |
| Name of publisher, distributor, etc. |
Wiley, |
| Date of publication, distribution, etc. |
2013. |
| 300 ## - PHYSICAL DESCRIPTION |
| Extent |
ix, 332 pages : |
| Other physical details |
illustrations ; |
| Dimensions |
24 cm. |
| 490 0# - SERIES STATEMENT |
| Series statement |
Waves series |
| 500 ## - GENERAL NOTE |
| General note |
H.B |
| 504 ## - BIBLIOGRAPHY, ETC. NOTE |
| Bibliography, etc. note |
Includes bibliographical references and index. |
| 650 #0 - SUBJECT ADDED ENTRY--TOPICAL TERM |
| Topical term or geographic name entry element |
Fluid mechanics |
| General subdivision |
Measurement. |
| 9 (RLIN) |
3396 |
| 650 #0 - SUBJECT ADDED ENTRY--TOPICAL TERM |
| Topical term or geographic name entry element |
Metrology. |
| 9 (RLIN) |
3397 |
| 650 #0 - SUBJECT ADDED ENTRY--TOPICAL TERM |
| Topical term or geographic name entry element |
Lasers. |
| 9 (RLIN) |
3398 |
| 650 #7 - SUBJECT ADDED ENTRY--TOPICAL TERM |
| Topical term or geographic name entry element |
Fluid mechanics |
| General subdivision |
Measurement. |
| Source of heading or term |
fast |
| Authority record control number or standard number |
(OCoLC)fst00928008 |
| 9 (RLIN) |
3396 |
| 650 #7 - SUBJECT ADDED ENTRY--TOPICAL TERM |
| Topical term or geographic name entry element |
Lasers. |
| Source of heading or term |
fast |
| Authority record control number or standard number |
(OCoLC)fst00992842 |
| 9 (RLIN) |
3398 |
| 650 #7 - SUBJECT ADDED ENTRY--TOPICAL TERM |
| Topical term or geographic name entry element |
Metrology. |
| Source of heading or term |
fast |
| Authority record control number or standard number |
(OCoLC)fst01018841 |
| 9 (RLIN) |
3397 |
| 700 1# - ADDED ENTRY--PERSONAL NAME |
| Personal name |
Boutier, A. |
| Fuller form of name |
(Alain) |
| 9 (RLIN) |
3399 |
| 906 ## - LOCAL DATA ELEMENT F, LDF (RLIN) |
| a |
7 |
| b |
cbc |
| c |
copycat |
| d |
2 |
| e |
ncip |
| f |
20 |
| g |
y-gencatlg |
| 942 ## - ADDED ENTRY ELEMENTS (KOHA) |
| Source of classification or shelving scheme |
|
| Koha item type |
Book |
| Call number prefix |
IESE |